000 01206nam a2200313 i 4500
003 EG-GICUC
005 20260121101516.0
008 251216s2006 ua ||||fr|||| 000 0 ara d
017 _a2006/2546
020 _a977-03-1442-0
040 _a EG-GICUC
_bara
_c EG-GICUC
_d EG-GICUC
_erda
041 _aara
082 0 4 _221
_a343.661
_bم ح . ق
092 0 4 _221
099 _aLaw1 10 343.661 م ح . ق 2006
100 0 _aمحمود سليمان موسى
_eمؤلف.
245 1 0 _aقانون الطفولة الجانحة والمعاملة الجنائية للأحداث :
_bدراسة مقارنة في التشريعات الوطنية والقانون الدولي /
_cالدكتور محمود سليمان موسى.
264 1 _aالإسكندرية :
_bمنشأة المعارف،
_c2006.
300 _a468 صفحة ؛
_c24 سم
336 _2rda content
_atext
337 _2rda media
_aComputer
338 _2rda carrier
_aOnline Resource
546 _aالنص باللغة العربية
650 1 4 _aالمجرمون الأحداث
_2qrmak
651 1 _2qrmak
856 4 0 _uhttps://fll.law.cu.edu.eg/fulltext/bks/B10-06995.pdf
905 _a79
_eHassnaa
942 _2ddc
_cBK
_e21
_n0
999 _c51135
_d51135